ARRUPE JESUIT UNIVERSITY

CORONAVIRUS -STOP THE SPREAD - CLEAN,DISINFECT,COVER

The greatest show on Earth : (Record no. 120597)

MARC details
000 -LEADER
fixed length control field 03179cam a22003974a 4500
001 - CONTROL NUMBER
control field 7414524
003 - CONTROL NUMBER IDENTIFIER
control field ARRUPE
005 - DATE AND TIME OF LATEST TRANSACTION
control field 20141119020006.0
008 - FIXED-LENGTH DATA ELEMENTS--GENERAL INFORMATION
fixed length control field 090708s2009 nyuabf b 001 0 eng
010 ## - LIBRARY OF CONGRESS CONTROL NUMBER
LC control number 2009025330
020 ## - INTERNATIONAL STANDARD BOOK NUMBER
International Standard Book Number 9781416594789
020 ## - INTERNATIONAL STANDARD BOOK NUMBER
International Standard Book Number 1416594787
020 ## - INTERNATIONAL STANDARD BOOK NUMBER
Cancelled/invalid ISBN 9781416597780 (ebook)
020 ## - INTERNATIONAL STANDARD BOOK NUMBER
Cancelled/invalid ISBN 1416597786 (ebook)
024 ## - OTHER STANDARD IDENTIFIER
Standard number or code 40017137405
035 ## - SYSTEM CONTROL NUMBER
System control number (OCoLC)ocn311765210
035 ## - SYSTEM CONTROL NUMBER
System control number (OCoLC)311765210
035 ## - SYSTEM CONTROL NUMBER
System control number (NNC)7414524
040 ## - CATALOGING SOURCE
Original cataloging agency DLC
Transcribing agency DLC
Modifying agency YDX
-- BTCTA
-- YDXCP
-- UPZ
-- ABG
-- MOF
-- ORX
-- OrLoB-B
050 00 - LIBRARY OF CONGRESS CALL NUMBER
Classification number QH366.2
Item number .D374 2009
082 00 - DEWEY DECIMAL CLASSIFICATION NUMBER
Classification number 576.8
Edition number 22
300 ## - PHYSICAL DESCRIPTION
Other physical details ill. (chiefly col.), col. map ;
Dimensions 25 cm.
100 1# - MAIN ENTRY--PERSONAL NAME
Personal name Dawkins, Richard,
Dates associated with a name 1941-
9 (RLIN) 10544
245 14 - TITLE STATEMENT
Title The greatest show on Earth :
Remainder of title the evidence for evolution /
Statement of responsibility, etc Richard Dawkins.
250 ## - EDITION STATEMENT
Edition statement 1st Free Press hardcover ed.
260 ## - PUBLICATION, DISTRIBUTION, ETC. (IMPRINT)
Place of publication, distribution, etc New York :
Name of publisher, distributor, etc Free Press,
Date of publication, distribution, etc 2009.
300 ## - PHYSICAL DESCRIPTION
Extent ix, 470 p., 32 p. of plates :
504 ## - BIBLIOGRAPHY, ETC. NOTE
Bibliography, etc Includes bibliographical references (p. [439]-454) and index.
505 00 - FORMATTED CONTENTS NOTE
Miscellaneous information Ch. 1.
Title Only a theory? --
Miscellaneous information Ch. 2.
Title Dogs, cows and cabbages --
Miscellaneous information Ch. 3.
Title The primrose path to macro-evolution --
Miscellaneous information Ch. 4.
Title Silence and slow time --
Miscellaneous information Ch. 5.
Title Before our very eyes --
Miscellaneous information Ch. 6.
Title Missing link? What do you mean, 'missing'? --
Miscellaneous information Ch. 7.
Title Missing persons? Missing no longer --
Miscellaneous information Ch. 8.
Title You did it yourself in nine months --
Miscellaneous information Ch. 9.
Title The ark of the continents --
Miscellaneous information Ch. 10.
Title The tree of cousinship --
Miscellaneous information Ch. 11.
Title History written all over us --
Miscellaneous information Ch. 12.
Title Arms races and 'evolutionary theodicy' --
Miscellaneous information Ch. 13.
Title There is grandeur in this view of life --
Miscellaneous information Appendix.
Title The history-deniers.
520 1# - SUMMARY, ETC.
Summary, etc "In 1859 Charles Darwin's masterpiece, On the Origin of Species, shook society to its core. Darwin was only too aware of the storm his theory of evolution would provoke. But he surely would have raised an incredulous eyebrow at the controversy still raging a century and a half later. Evolution is accepted as scientific fact by all reputable scientists and indeed theologians, yet millions of people continue to question its veracity." "The Greatest Show on Earth is a counter-attack on advocates of "Intelligent Design," explaining the evidence for evolution while exposing the absurdities of the creationist "argument." Richard Dawkins sifts through rich layers of scientific evidence: from living examples of natural selection to clues in the fossil record; from natural clocks that mark the epochs wherein evolution ran its course to the intricacies of developing embryos; from plate tectonics to molecular genetics. Combining these elements and many more, he makes the airtight case that " we find ourselves perched on one tiny twig in the midst of a blossoming and flourishing tree of life and it is no accident, but the direct consequence of evolution by non-random selection.""--BOOK JACKET.
650 #0 - SUBJECT ADDED ENTRY--TOPICAL TERM
Topical term or geographic name as entry element Evolution (Biology)
9 (RLIN) 10545
856 42 - ELECTRONIC LOCATION AND ACCESS
Materials specified Contributor biographical information
Uniform Resource Identifier <a href="http://www.loc.gov/catdir/enhancements/fy0913/2009025330-b.html">http://www.loc.gov/catdir/enhancements/fy0913/2009025330-b.html</a>
856 42 - ELECTRONIC LOCATION AND ACCESS
Materials specified Publisher description
Uniform Resource Identifier <a href="http://www.loc.gov/catdir/enhancements/fy0913/2009025330-d.html">http://www.loc.gov/catdir/enhancements/fy0913/2009025330-d.html</a>
900 ## - EQUIVALENCE OR CROSS-REFERENCE-PERSONAL NAME [LOCAL, CANADA]
Numeration TOC
942 ## - ADDED ENTRY ELEMENTS (KOHA)
Source of classification or shelving scheme Library of Congress Classification
Koha item type Monograph ( Printed materials)
Koha issues (borrowed), all copies 2
948 1# - LOCAL PROCESSING INFORMATION (OCLC); SERIES PART DESIGNATOR (RLIN)
Series part designator, SPT (RLIN) 20091016
b (OCLC) c
c (OCLC) sds12
d (OCLC) MPS
Holdings
Withdrawn status Lost status Source of classification or shelving scheme Damaged status Not for loan Collection code Home library Current library Shelving location Date acquired Total Checkouts Full call number Barcode Date last seen Date checked out Price effective from Koha item type
    Library of Congress Classification     Main Collection ARRUPE LIBRARY ARRUPE LIBRARY Main Collection 03/06/2014 3 QH366.2 .D374 2010 46500000690 02/07/2019 04/04/2019 03/06/2014 Monograph ( Printed materials)

 

Arrupe Library. PO Box MP320 Mt Pleasant, Harare, Zimbabwe
263 242 745411|librarian@aju.ac.zw